Stadien Österreichs - Statistiken

Allgemein
  • Dieses Quiz wurde 81 mal gespielt
  • Das Durchschnittsergebnis liegt bei 12 aus 20
Antwortstatistiken
Hint Antwort % Korrekt
Red Bull Arena Red Bull Salzburg
94%
Weststadion Rapid Wien
85%
Tivoli WSG Tirol/Wacker Innsbruck
85%
Wörthersee Stadion Austria Klagenfurt
83%
Wiener Neustadt Arena SC Wiener Neustadt
77%
Liebenauer Stadion Sturm Graz/Grazer AK
76%
Lavanttal-Arena Wolfsberger AC
73%
Niederösterreich-Arena SKN St. Pölten
68%
Josko Arena SV Ried
64%
Vorwärts-Stadion SK Vorwärts Steyr
62%
Bundesstadion Südstadt FC Admira Wacker Mödling
56%
Franz-Horr-Stadion Austria Wien
55%
Stadion Hohe Warte First Vienna FC
55%
FAC-Platz Floridsdorfer AC
50%
Donauparkstadion Blau-Weiß Linz
44%
Waldstadion Linzer ASK/FC Juniors OÖ
41%
Profertil Arena TSV Hartberg
35%
Schnabelholz SC Rheindorf Altach
33%
Reichshofstadion SC Austria Lustenau
32%
Alpenstadion Kapfenberger SV
6%
Keine übereinstimmenden Quizze gefunden
Verteilung der Resultate
Anzahl Personen mit jedem Resultat
Perzentil nach korrekt beantworteten Fragen
Ihre Resultats-Entwicklung
Sie haben dieses Quiz noch nicht gespielt